Chandrakamal Hazarika : (Record no. 10514)

MARC details
000 -LEADER
fixed length control field 00394cam a2200133ua 4500
008 - FIXED-LENGTH DATA ELEMENTS--GENERAL INFORMATION
fixed length control field 191031n ii |||gr||||Z||||||asm
040 ## - CATALOGING SOURCE
Transcribing agency MAIN
100 ## - MAIN ENTRY--PERSONAL NAME
Personal name Mukul Hazarika . ,
Relator term
245 ## - TITLE STATEMENT
Title Chandrakamal Hazarika :
Remainder of title smarakgrantha /
Statement of responsibility, etc. Edited by Mukul Hazarika .
260 ## - PUBLICATION, DISTRIBUTION, ETC.
Place of publication, distribution, etc. Sivsagar:
Name of publisher, distributor, etc. Chandrakamal Hazaria Smritiraksha Samity,
Date of publication, distribution, etc. 2019.
300 ## - PHYSICAL DESCRIPTION
Extent 302p.
942 ## - ADDED ENTRY ELEMENTS (KOHA)
Koha item type Books
Holdings
Withdrawn status Lost status Damaged status Not for loan Home library Current library Shelving location Date acquired Total Checkouts Full call number Barcode Date last seen Copy number Price effective from Koha item type
        Naharkatiya College Library Naharkatiya College Library General Stacks 19/09/2020   HAZ 27821 19/09/2020 1 19/09/2020 Books

Naharkatiya College © 2020. All rights reserved.

Powered By